000 004230000a22001690004500
003 MACL
005 20160107152233.0
008 160107b xxu||||| |||| 00| 0 eng d
040 _aMACL
_cMACL
041 _aEnglish
082 _a825
100 _aGeorge Bell and Sons
_924169
245 _aThe Works of Edmund Burke
260 _bGeorge Bell and Sons
_c1884
_aLondon
650 _aSpeeches
_929288
942 _cBK
_k825
_2ddc
999 _c37031
_d37031